00310nam a2200121Ia 4500008004100000041001200041082002400053100002100077245003000098260003700128300001400165650000900179231217s9999 xx 000 0 und d aEnglish a001.6424JAV SHE `R' aSeshadri, Govind 0aEnterprise JAVA computing c1999bCambridge University Press axviii+353 aJava